All SSR including Russia - Statistics

General Stats
  • This quiz has been taken 6 times
  • The average score is 1 of 31
Answer Stats
Picture Answer % Correct
USSR
100%
Kazakh ASSR
17%
Adjarian ASSR
0%
Armenian Soviet Socialist Republic
0%
Azerbaijan Soviet Socialist Republic
0%
Baku Commune
0%
Bukharan People's Soviet Republic
0%
CCP
0%
Chinese Peasants' Association
0%
Chinese Soviet Republic
0%
Chinese Workers' Peasants' Red Army
0%
Communist Party of Bengladesh
0%
Communist Party of India
0%
"Democratic" Republic of Afghanistan
0%
Georgian Soviet Socialist Republic
0%
Indochinese Communist Party
0%
Inner-Mongolian Autonomous Government
0%
Jiangxi-Fuijan Soviet
0%
Khorzem People's Soviet Republic
0%
Kirghiz ASSR
0%
Nakichevan ASSR
0%
People's Republic of Benin
0%
People's Republic of the Congo
0%
Persian Socialist Soviet Republic
0%
Qiongya Soviet
0%
Soviet Occupied Dairen and Port Arthur
0%
SSR of Abkhazia
0%
Transcaucasian SFSR
0%
Turkestan ASSR
0%
Uzbek Soviet Socialist Republic
0%
Workers' Party of Korea
0%
No matching quizzes found
Score Distribution
Percent of People with Each Score
Percentile by Number Answered
Your Score History
You have not taken this quiz